Préfectures moins peuplées que celles des départements voisins - Statistiques

Statistiques générales
  • Ce quiz a été pris 10 fois
  • Le résultat moyen est 9 sur 13
Statistiques - réponses
Préfecture % Correct
Foix
90%
Privas
90%
Saint-Brieuc
90%
Auch
80%
Bastia
80%
Digne-les-Bains
80%
Guéret
80%
Vesoul
80%
Bar-le-Duc
60%
Saint-Lô
60%
Arras
50%
Laon
50%
La Rohe-sur-Yon
0%
Aucun quiz correspondant
Distribution des résultats
% des personnes avec chaque résultat
Percentile par nombre de réponses
Votre historique - résultats
Vous n’avez pas pris ce quiz